Central Library OPAC University of Rajshahi

The new argument in economics: (Record no. 4635)

MARC details
000 -LEADER
fixed length control field 01039cam a22003011 4500
001 - CONTROL NUMBER
control field 4635
003 - CONTROL NUMBER IDENTIFIER
rucl marc code BD-RjUL
005 - DATE AND TIME OF LATEST TRANSACTION
control field 20211208233928.0
008 - FIXED-LENGTH DATA ELEMENTS--GENERAL INFORMATION
fixed length control field 720628s1963 nju b 001 0 eng
035 ## - SYSTEM CONTROL NUMBER
System control number (BD-RjUL)4670
System control number (OCoLC)344495
040 ## - CATALOGING SOURCE
Original cataloging agency DLC
Transcribing agency OClU
Modifying agency OCoLC
-- OrPS
-- Uk
-- DLC
Language of cataloging eng
041 ## - LANGUAGE CODE
Language code of text/sound track or separate title eng
082 ## - DEWEY DECIMAL CLASSIFICATION NUMBER
Classification number 338.973
Edition number 16
Author mark and year SCN 1963
100 1# - MAIN ENTRY--PERSONAL NAME
Personal name Schoeck, Helmut,
9 (RLIN) 14623
245 14 - TITLE STATEMENT
Title The new argument in economics:
Remainder of title the public versus the private sector /
Statement of responsibility, etc. papers, edited by Helmut Schoeck and James W. Wiggins.
260 ## - PUBLICATION, DISTRIBUTION, ETC. (IMPRINT)
Place of publication, distribution, etc. Princeton, N.J. :
Name of publisher, distributor, etc. Van Nostrand,
Date of publication, distribution, etc. 1963
300 ## - PHYSICAL DESCRIPTION
Pagination xii, 264 p.
Size 24 cm.
504 ## - BIBLIOGRAPHY, ETC. NOTE
Bibliography, etc Includes bibliographical references.
526 ## - STUDY PROGRAM INFORMATION NOTE
Requested Dept. Economics
650 #0 - SUBJECT ADDED ENTRY--TOPICAL TERM
Topical term or geographic name as entry element Industrial policy
Geographic subdivision United States.
9 (RLIN) 6147
651 #0 - SUBJECT ADDED ENTRY--GEOGRAPHIC NAME
Geographic name United States
General subdivision Economic policy
9 (RLIN) 14625
700 1# - ADDED ENTRY--PERSONAL NAME
Personal name Wiggins, James W.
Fuller form of name (James Wilhelm),
Dates associated with a name 1914-
Relator term jt. ed.
942 ## - ADDED ENTRY ELEMENTS (KOHA)
Source of classification or shelving scheme Dewey Decimal Classification
Koha item type Books
Holdings
Lost status Source of classification or shelving scheme Damaged status Not for loan Collection code Permanent Location Current Location Shelving location Date acquired Source of acquisition Cost, normal purchase price Total Checkouts Full call number Date last seen Copy number Koha item type
  Dewey Decimal Classification   Not For Loan Non-fiction Central Library, University of Rajshahi Central Library, University of Rajshahi   16/11/1965 Zeitlinger 46.60   338.973 SCN 1963 23/12/2013 C-1 Books
  Dewey Decimal Classification     Non-fiction Central Library, University of Rajshahi Central Library, University of Rajshahi   16/11/1965 Zeithinger 46.00   338.973 SCN 1963 26/07/2016 C-2 Books